000 00646nam a2200229 a 4500
001 BRCA_336
005 20190320202951.0
008 760904s1976 enka 001 0 eng
020 _a0709153910
040 _aDLC
_cDLC
_dDLC
050 4 _aNK4233
_b.E94 1991
100 1 _aEverett, David
_d1938-
_91119
245 1 0 _aManual of Pottery and Porcelain Restoration
_cDavid Everett.
250 _a2 ed
260 _aLondres
_bHale
_c1991
300 _a142 p.
_bil.
_c22 cm.
500 _aIncluye apéndice: Lista de manufacturas
500 _aDonación Consejo Británico
650 1 4 _aCerámica
_xReparación
_91120
902 _aDCB
942 _2lcc
_cB
999 _c273
_d273